[Event "Porto Sant Elpidio op-A 9th"]
[Site "Porto Sant Elpidio"]
[Date "2006.11.25"]
[Round "4"]
[White "Briffault, Philippe"]
[Black "Paci, Stefano"]
[Result "1-0"]
[WhiteElo "1875"]
[BlackElo "2116"]
[PlyCount "116"]
[EventDate "2006.11.18"]
[EventType "swiss"]
[EventRounds "6"]
[EventCountry "ITA"]
[SourceTitle "EXT 2011"]
[Source "ChessBase"]
[SourceDate "2010.11.26"]
[SourceVersion "1"]
[SourceVersionDate "2010.11.26"]
[SourceQuality "1"]

1. d4 Nf6 2. Nf3 g6 3. c4 Bg7 4. Nc3 c5 5. d5 d6 6. g3 Qb6 7. Nd2 0-0 8. Bg2 a6 9. a4 Nbd7 10. 0-0 Rb8 11. h3 Ne8 12. Ra3 Qd8 13. e4 Nc7 14. Qe2 b5 15. axb5 axb5 16. Nxb5 Nxb5 17. cxb5 Qb6 18. Rb3 Ne5 19. Kh2 Bd7 20. f4 c4 21. Rc3 Nd3 22. Nxc4 Nxc1 23. Rfxc1 Qxb5 24. R3c2 Rfc8 25. Qf2 Qb4 26. e5 Bf5 27. Rc3 h5 28. Qe2 Bd7 29. Be4 h4 30. gxh4 Bb5 31. Bd3 dxe5 32. fxe5 Bxc4 33. Bxc4 Qxb2 34. R1c2 Qa1 35. Rc1 Rb1 36. Rxb1 Qxc3 37. Bd3 Bxe5+ 38. Kh1 Kg7 39. Rg1 Rh8 40. h5 Qd4 41. Be4 Rb8 42. hxg6 f5 43. Bxf5 Rb2 44. Bc2 Qxd5+ 45. Rg2 Ra2 46. Qe4 Ra1+ 47. Rg1 Rxg1+ 48. Kxg1 Qc5+ 49. Kg2 Bf6 50. Bd3 Qg5+ 51. Kf3 Qc1 52. Kg2 Qd2+ 53. Kg3 Qg5+ 54. Kf3 Qc1 55. Qf5 Qh1+ 56. Kf4 Qc1+ 57. Kf3 Qh1+ 58. Ke2 Qh2+ 1-0

[Event "Porto Sant Elpidio op 8th"]
[Site "Porto Sant Elpidio"]
[Date "2005.11.27"]
[Round "6"]
[White "Di Donatantonio, Franco"]
[Black "Paci, Stefano"]
[Result "1-0"]
[WhiteElo "2027"]
[BlackElo "2144"]
[PlyCount "80"]
[EventDate "2005.11.19"]
[EventType "swiss"]
[EventRounds "5"]
[EventCountry "ITA"]
[SourceTitle "EXT 2007"]
[Source "ChessBase"]
[SourceDate "2006.11.23"]
[SourceVersion "1"]
[SourceVersionDate "2006.11.23"]
[SourceQuality "1"]

1. e4 c6 2. d3 d5 3. Nd2 g6 4. Ngf3 Bg7 5. Be2 e5 6. 0-0 Ne7 7. c3 0-0 8. Qc2 h6 9. Re1 Be6 10. Nf1 f5 11. h3 Nd7 12. Be3 Qc7 13. Rad1 f4 14. Bc1 dxe4 15. dxe4 Rad8 16. N3d2 Nf6 17. Nh2 h5 18. Nhf3 Bh6 19. Bc4 Bxc4 20. Nxc4 Nd7 21. b4 b5 22. Ncd2 Kh7 23. c4 a6 24. Bb2 g5 25. Nh2 Ng6 26. cxb5 axb5 27. Rc1 Nf6 28. Nb3 Rc8 29. Nc5 Rg8 30. Qe2 Qe7 31. Rcd1 Rg7 32. Qd3 g4 33. Qd6 gxh3 34. gxh3 Nh4+ 35. Kh1 Re8 36. Qxe7 Rexe7 37. Rd6 Ng8 38. Re6 Rxe6 39. Nxe6 Re7 40. Nc5 f3 1-0

[Event "Porto Sant Elpidio op 8th"]
[Site "Porto Sant Elpidio"]
[Date "2005.11.19"]
[Round "1"]
[White "Paci, Stefano"]
[Black "Di Martino, Antonio"]
[Result "1/2-1/2"]
[WhiteElo "2144"]
[BlackElo "2015"]
[PlyCount "112"]
[EventDate "2005.11.19"]
[EventType "swiss"]
[EventRounds "5"]
[EventCountry "ITA"]
[SourceTitle "EXT 2007"]
[Source "ChessBase"]
[SourceDate "2006.11.23"]
[SourceVersion "1"]
[SourceVersionDate "2006.11.23"]
[SourceQuality "1"]

1. d4 d5 2. Nf3 Nf6 3. c4 e6 4. Nc3 Be7 5. Bg5 0-0 6. e3 Nbd7 7. Qc2 c6 8. cxd5 exd5 9. Bd3 h6 10. Bh4 Re8 11. 0-0 Nh5 12. Bxe7 Qxe7 13. Rab1 Nhf6 14. b4 a6 15. a4 Ne4 16. b5 axb5 17. axb5 Nxc3 18. Qxc3 c5 19. dxc5 Qxc5 20. Qd2 Nf6 21. Rfc1 Qb6 22. Nd4 Bd7 23. Qb4 Rec8 24. Nf5 Rxc1+ 25. Rxc1 Bxf5 26. Bxf5 g6 27. Bd3 Qa5 28. Rc8+ Kh7 29. Qxa5 Rxa5 30. g3 Ra3 31. Be2 Ne4 32. Bf3 Rb3 33. Rc7 Rxb5 34. Rxf7+ Kg8 35. Rd7 Nf6 36. Rd8+ Kf7 37. h4 Ke7 38. Rh8 h5 39. Kg2 Rb2 40. Rc8 Kd7 41. Rf8 Ke7 42. Rc8 b5 43. Rc7+ Kd6 44. Rg7 b4 45. Rxg6 Ke6 46. Bxh5 b3 47. Bf3 Kf7 48. Rg5 Rxf2+ 49. Kxf2 b2 50. Bxd5+ Nxd5 51. Rxd5 b1Q 52. Rd4 Ke6 53. Rf4 Ke5 54. Kf3 Qd1+ 55. Kf2 Qd2+ 56. Kf3 Qh2 1/2-1/2

[Event "Porto Sant Elpidio op 7th"]
[Site "Porto Sant Elpidio"]
[Date "2004.11.14"]
[Round "2"]
[White "Marozzi, Giovanni"]
[Black "Paci, Stefano"]
[Result "1/2-1/2"]
[WhiteElo "1964"]
[BlackElo "2003"]
[PlyCount "158"]
[EventDate "2004.11.13"]
[EventType "swiss"]
[EventRounds "6"]
[EventCountry "ITA"]
[SourceTitle "EXT 2009"]
[Source "ChessBase"]
[SourceDate "2008.11.26"]
[SourceVersion "1"]
[SourceVersionDate "2008.11.26"]
[SourceQuality "1"]

1. e4 c6 2. c4 d5 3. cxd5 cxd5 4. exd5 Qxd5 5. Nc3 Qa5 6. d4 e6 7. Nf3 Nf6 8. Bc4 Be7 9. 0-0 0-0 10. Be3 Rd8 11. Qb3 Nc6 12. Rfd1 Qh5 13. Qc2 Nb4 14. Qe2 Nbd5 15. Ne5 Qxe2 16. Bxe2 Bd7 17. Rac1 Be8 18. Bf3 Rac8 19. Ne4 Nxe4 20. Bxe4 f6 21. Bxd5 exd5 22. Nd3 Kf7 23. Rxc8 Rxc8 24. Rc1 Rxc1+ 25. Bxc1 g5 26. f3 Bd6 27. g4 Bb5 28. Nf2 Be2 29. Kg2 Kg6 30. Nh1 Bc4 31. a3 h5 32. gxh5+ Kxh5 33. Ng3+ Kg6 34. h3 Bd3 35. Bd2 f5 36. Nf1 Bxf1+ 37. Kxf1 Kh5 38. Kg2 g4 39. f4 Be7 40. Be1 Bh4 41. Bg3 Bf6 42. Bf2 Bd8 43. Be1 Bf6 44. Bf2 Kg6 45. Be3 gxh3+ 46. Kxh3 Kf7 47. Kg3 Ke6 48. Kf3 Kd7 49. Ke2 Kc6 50. Kd3 Kb5 51. b3 a5 52. Kc3 a4 53. b4 Bh4 54. Bd2 Bf2 55. Kd3 b6 56. Kc3 Kc6 57. Kd3 Kd7 58. Bc3 Kc6 59. Bd2 Kd6 60. Bc3 Ke6 61. Ke2 Bh4 62. Kf3 Kf7 63. Bb2 Kg6 64. Bc3 Kh5 65. Bd2 Bf6 66. Be3 Kh4 67. Bf2+ Kh3 68. Be3 Bh4 69. Bd2 Kh2 70. Bc3 Kg1 71. Bd2 Kf1 72. Bc3 b5 73. Bd2 Be1 74. Be3 Bxb4 75. axb4 a3 76. Bc1 a2 77. Bb2 Ke1 78. Ke3 Kf1 79. Kf3 Ke1 1/2-1/2